Deslizamiento de Tapezco Santa Ana, Costa Rica, análisis de estabilidad y soluciones
Збережено в:
| Автор: | |
|---|---|
| Інші автори: | |
| Формат: | Книга |
| Опубліковано: |
[San José , Costa Rica]
1996
|
| Предмети: | |
| Теги: |
Додати тег
Немає тегів, Будьте першим, хто поставить тег для цього запису!
|
MARC
| LEADER | 00000nam a2200000Ia 4500 | ||
|---|---|---|---|
| 003 | 007876 | ||
| 005 | 20240821134821.0 | ||
| 008 | 140114s1996 cr a m 000 ||s d | ||
| 040 | |c cru CEDI | ||
| 090 | |a TFG 3424 | ||
| 100 | |a López García, Johnny Rodrigo, 1972- |9 3576 | ||
| 245 | |a Deslizamiento de Tapezco Santa Ana, Costa Rica, análisis de estabilidad y soluciones | ||
| 260 | |a [San José , Costa Rica] |c 1996 | ||
| 300 | |a [206] hojas : ilustraciones (algunas a color) | ||
| 500 | |a Trabajo de graduación (licenciatura en ingeniería civil)--Universidad de Costa Rica. Facultad de Ingeniería. Escuela de Ingeniería Civil | ||
| 501 | |a Director de Trabajo Final de graduación: Ing. Sergio Sáenz Aguilar M.Sc. | ||
| 650 | |x TALUDES (MECANICA DE SUELOS) |x DESPRENDIMIENTOS DE TIERRAS - SANTA ANA (SAN JOSE, COSTA RICA) |9 10422 | ||
| 700 | |a Sáenz Aguilar, Sergio Antonio, 1957- |d Director del TFG |9 1448 | ||
| 942 | |c TFG |h TFG 3424 |i 007876 |6 TFG_3424_007876000000000 | ||
| 999 | |c 19248 |d 19248 | ||
